| 000 | 00605nam a2200181 a 4500 | ||
|---|---|---|---|
| 020 | _a0672223589 (pbk.) : | ||
| 082 | 0 | 0 |
_a004.68 _bBRE _cD |
| 100 | 1 |
_aBrenner, Robert C. _936708 |
|
| 245 | 1 | 0 |
_aIBM PC troubleshooting and repair guide / _cby Robert C. Brenner. |
| 250 | _a1st ed. | ||
| 260 |
_aNew Delhi.: _bBPB Publication., _cc1985. |
||
| 300 |
_a204 p. : _bill. (some col.) ; _c28 cm. |
||
| 500 | _a"A Microtrend book"--Cover. | ||
| 526 |
_a0 _b0 _c0 _d004_680000000000000_BRE |
||
| 650 | 0 |
_aIBM Personal Computer. _936709 |
|
| 650 | 0 |
_aMicrocomputers _xMaintenance and repair. _936710 |
|
| 942 |
_2ddc _cBK |
||
| 999 |
_c541701 _d541701 |
||